| 000 | 00431nam a22001337a 4500 | ||
|---|---|---|---|
| 999 |
_c16411 _d16411 |
||
| 008 | 170628b xxu||||| |||| 00| 0 eng d | ||
| 040 |
_aKABU _cKABU |
||
| 050 |
_aKZ6462 _b.G46B37 C.1 |
||
| 245 | _aBasic rules of the Geneva conventions and their additional protocals | ||
| 260 |
_aSwitzerland _bICRC |
||
| 300 | _a63 p. | ||
| 650 |
_aLegal victims _vLegal status, laws |
||
| 942 |
_2lcc _cBK _hKZ6462 .G46B37 C.1 |
||